Planning and Scheduling using Microsoft office project 2007 : (Record no. 16499)

MARC details
000 -LEADER
fixed length control field 01006nam a22002537a 4500
005 - DATE AND TIME OF LATEST TRANSACTION
control field 2008101001481.0
008 - FIXED-LENGTH DATA ELEMENTS--GENERAL INFORMATION
fixed length control field 081010t xxu||||| |||| 00| 0 eng d
010 ## - LCCN (DPL NO)
LC control number ENG-91256
020 ## - INTERNATIONAL STANDARD BOOK NUMBER
International Standard Book Number 8183332757
Terms of availability 199.00
035 ## - SYSTEM CONTROL NUMBER
System control number EN-74780
037 ## - SOURCE OF ACQUISITION
Source of stock number/acquisition DBAD / PUB
040 ## - CATALOGING SOURCE
Original cataloging agency dpl
Language of cataloging English
082 ## - DEWEY DECIMAL CLASSIFICATION NUMBER
Classification number 658.4040285
100 ## - MAIN ENTRY--PERSONAL NAME
Personal name Harris, Paul Eastwood
245 ## - TITLE STATEMENT
Title Planning and Scheduling using Microsoft office project 2007 :
Statement of responsibility, etc by Paul Eastwood Harris
Remainder of title including Microsoft project 2000 to 2003 /
260 ## - PUBLICATION, DISTRIBUTION, ETC. (IMPRINT)
Place of publication, distribution, etc New Delhi
Name of publisher, distributor, etc BPB Publications
Date of publication, distribution, etc 2008
270 ## - ADDRESS
Address B-14, Connaught Place, New Delhi-110001
300 ## - PHYSICAL DESCRIPTION
Extent Various pagings
Dimensions 24 cm.(pbk)
500 ## - GENERAL NOTE
General note Incluses index
650 ## - SUBJECT ADDED ENTRY--TOPICAL TERM
Topical term or geographic name as entry element Microsoft Project.
650 ## - SUBJECT ADDED ENTRY--TOPICAL TERM
Topical term or geographic name as entry element Project management
General subdivision Computer programs.
942 ## - ADDED ENTRY ELEMENTS (KOHA)
Source of classification or shelving scheme Dewey Decimal Classification
Item type English Books
Call number suffix HAR
Classification part 658.4040285
Holdings
Withdrawn status Lost status Source of classification or shelving scheme Damaged status Not for loan Home library Current library Date acquired Source of acquisition Cost, normal purchase price Total Checkouts Full call number Barcode Date last seen Copy number Cost, replacement price Koha item type
    Dewey Decimal Classification   Not For Loan D.B.Act.Division D.B.Act.Division 10/10/2008 DBAD / PUB 199.00   658.4040285 HAR EN-74789 10/10/2008 1 199.00 English Books

© Delhi Public Library
Hit Counter
free hit counter